[Event "NAYCC U14"]
[Site "Windsor CAN"]
[Date "2016.08.09"]
[Round "5.62"]
[White "Chin, Jonathan"]
[Black "Hawthorn, Charles"]
[Result "0-1"]
[WhiteElo "1985"]
[BlackElo "1666"]
[PlyCount "96"]
[EventDate "2016.08.07"]
[EventType "swiss"]
[EventRounds "9"]
[EventCountry "CAN"]

1. e4 c5 2. Nf3 Nc6 3. d4 cxd4 4. Nxd4 g6 5. Nc3 Bg7 6. Be3 Nf6 7. Bc4 Qa5 8.
O-O d6 9. h3 O-O 10. Bb3 Bd7 11. f4 Rac8 12. Qd3 Nb4 13. Qe2 Nc6 14. Rad1 Nxd4
15. Bxd4 Bc6 16. Nd5 Bxd5 17. exd5 Rfe8 18. c4 Nd7 19. Bxg7 Kxg7 20. Qd2 Qxd2
21. Rxd2 Nb6 22. Rd4 Rc7 23. a3 a5 24. f5 g5 25. g4 Rec8 26. Rc1 a4 27. Ba2 Nd7
28. Rc3 Ne5 29. Kf1 f6 30. Ke2 h5 31. Kd2 hxg4 32. hxg4 Rh8 33. Rg3 Rh2+ 34.
Kc3 b5 35. Rg1 Nf3 36. Rgd1 Nxd4 37. Rxd4 Rf2 38. Re4 Rf4 39. Rxf4 gxf4 40. Kd4
bxc4 41. Bb1 Rb7 42. Kxc4 Rxb2 43. Be4 Rb3 44. Bh1 f3 45. Bxf3 Rxf3 46. Kb4
Rf4+ 47. Ka5 Rxg4 48. Kb5 Rd4 0-1

[Event "NAYCC U14"]
[Site "Windsor CAN"]
[Date "2016.08.09"]
[Round "5.63"]
[White "Yie, Kevin"]
[Black "Hua, Eugene"]
[Result "0-1"]
[WhiteElo "1760"]
[BlackElo "2140"]
[PlyCount "100"]
[EventDate "2016.08.07"]
[EventType "swiss"]
[EventRounds "9"]
[EventCountry "CAN"]

1. d4 Nf6 2. Bf4 e6 3. Nf3 c5 4. e3 d5 5. c3 Nc6 6. Nbd2 Bd6 7. Bg3 O-O 8. Bd3
b6 9. Ne5 Ne7 10. O-O Bb7 11. Qb1 cxd4 12. exd4 Ng6 13. Qe1 Qe7 14. Nef3 Nf4
15. Bxf4 Bxf4 16. Qe2 Nd7 17. Rfe1 Rae8 18. Nf1 Qd6 19. Qc2 g6 20. Bb5 Bc6 21.
Bxc6 Qxc6 22. Rad1 b5 23. a3 a5 24. Ne3 Bxe3 25. Rxe3 b4 26. axb4 axb4 27. Qc1
Rb8 28. Rde1 Kg7 29. Ng5 Nf6 30. Rf3 h6 31. Qf4 Nd7 32. Nh3 bxc3 33. bxc3 Rb3
34. Rc1 Qb6 35. g4 Qb8 36. Qd2 Rb2 37. Qe3 e5 38. g5 h5 39. Re1 e4 40. Rg3 Rb1
41. Rxb1 Qxb1+ 42. Kg2 Ra8 43. Qe2 h4 44. Rg4 Ra2 45. Qf1 Qd3 46. Qxd3 exd3 47.
Kf3 Nb6 48. Nf4 d2 49. Rg1 Rc2 50. Ne2 Nc4 0-1

[Event "NAYCC U14"]
[Site "Windsor CAN"]
[Date "2016.08.09"]
[Round "5.64"]
[White "Zhang, Zhehai"]
[Black "Yaskolko, Maxim"]
[Result "0-1"]
[WhiteElo "1678"]
[BlackElo "2014"]
[PlyCount "76"]
[EventDate "2016.08.07"]
[EventType "swiss"]
[EventRounds "9"]
[EventCountry "CAN"]

1. e4 c5 2. Nf3 d6 3. d4 cxd4 4. Nxd4 Nf6 5. Nc3 g6 6. Be2 Bg7 7. O-O O-O 8.
Be3 Nc6 9. Kh1 Bd7 10. f4 Rc8 11. Bf3 Na5 12. Rb1 Nc4 13. Bf2 Qa5 14. h3 b5 15.
Nb3 Qa6 16. g4 Nxb2 17. Rxb2 Rxc3 18. Bd4 Rc7 19. f5 Bc6 20. Qe2 Qa4 21. c3 Qc4
22. Qxc4 bxc4 23. Nd2 Ba8 24. Rb4 Rfc8 25. Rfb1 Nd7 26. Bxg7 Kxg7 27. fxg6 hxg6
28. Bg2 Ne5 29. Kg1 Nd7 30. Ra4 Ne5 31. Rab4 e6 32. Nf1 Nd3 33. Rb5 Nf4 34. Ng3
Nxg2 35. Kxg2 f5 36. Kf3 fxe4+ 37. Nxe4 Rh8 38. Rb8 Rxh3+ 0-1

[Event "NAYCC U14"]
[Site "Windsor CAN"]
[Date "2016.08.09"]
[Round "5.65"]
[White "Chen, Jacob"]
[Black "Pan, David"]
[Result "1/2-1/2"]
[WhiteElo "2011"]
[BlackElo "1854"]
[PlyCount "98"]
[EventDate "2016.08.07"]
[EventType "swiss"]
[EventRounds "9"]
[EventCountry "CAN"]

1. e4 e5 2. Nf3 Nc6 3. c3 f5 4. d4 fxe4 5. Nxe5 Nf6 6. Bc4 d5 7. Bb5 Bd7 8. c4
Bb4+ 9. Nc3 O-O 10. O-O Bxc3 11. bxc3 Nxe5 12. dxe5 Bxb5 13. cxb5 Ne8 14. Qd4
c6 15. bxc6 bxc6 16. c4 Nc7 17. cxd5 Qxd5 18. Rd1 Rad8 19. Be3 Nb5 20. Qxd5+
cxd5 21. a4 Nc3 22. Re1 d4 23. Bd2 Rd5 24. Bxc3 dxc3 25. Rec1 Rc8 26. Rc2 Rxe5
27. Rac1 Rec5 28. Kf1 Rc4 29. Ke2 Kf7 30. Ke3 Ke6 31. f3 Ke5 32. fxe4 Rxe4+ 33.
Kd3 Rxa4 34. Rxc3 Rd4+ 35. Ke3 Rxc3+ 36. Rxc3 Rd7 37. Rc8 Kf6 38. Ra8 Rb7 39.
Kf4 Rb4+ 40. Kf3 Ra4 41. h3 a5 42. Ra7 Ra2 43. g3 Ra3+ 44. Kf2 a4 45. Ra5 g6
46. Kg2 h5 47. Kf2 Kg7 48. Ra6 Kh6 49. h4 Ra1 1/2-1/2

[Event "NAYCC U14"]
[Site "Windsor CAN"]
[Date "2016.08.09"]
[Round "5.66"]
[White "Bu, Kevin"]
[Black "Gaisinsky, Adam"]
[Result "1/2-1/2"]
[WhiteElo "1948"]
[BlackElo "1721"]
[PlyCount "68"]
[EventDate "2016.08.07"]
[EventType "swiss"]
[EventRounds "9"]
[EventCountry "CAN"]

1. e4 e5 2. Nf3 Nc6 3. d4 exd4 4. Bc4 Nf6 5. O-O Nxe4 6. Re1 d5 7. Bxd5 Qxd5 8.
Nc3 Qa5 9. Nxe4 Be6 10. Neg5 O-O-O 11. Nxe6 fxe6 12. Rxe6 Be7 13. Qe2 Bf6 14.
Bf4 Qf5 15. Bg3 h5 16. h4 Rd7 17. Re1 Rhd8 18. a3 d3 19. cxd3 Qxd3 20. Qxd3
Rxd3 21. Ne5 Nxe5 22. Bxe5 Bxe5 23. R6xe5 g6 24. Re6 R3d6 25. f3 Rxe6 26. Rxe6
Rg8 27. f4 Kd7 28. Re5 Rf8 29. g3 Rf5 30. Re4 Rd5 31. Re2 Rd3 32. Kg2 c5 33.
Kh3 Rb3 34. Re5 Rxb2 1/2-1/2

[Event "NAYCC U14"]
[Site "Windsor CAN"]
[Date "2016.08.09"]
[Round "5.67"]
[White "Nakada, Akira"]
[Black "Padmanabhan, Karthik"]
[Result "1-0"]
[WhiteElo "1904"]
[BlackElo "1818"]
[PlyCount "175"]
[EventDate "2016.08.07"]
[EventType "swiss"]
[EventRounds "9"]
[EventCountry "CAN"]

1. d4 Nf6 2. c4 g6 3. Nc3 Bg7 4. e4 d6 5. Nf3 O-O 6. Be2 Na6 7. O-O e5 8. Be3
Ng4 9. Bg5 Qe8 10. h3 f6 11. hxg4 fxg5 12. d5 Qe7 13. Ne1 c5 14. Nd3 Nc7 15. a3
b6 16. b4 Qd8 17. Qd2 Ba6 18. Nc1 Rb8 19. Nb3 Ne8 20. Nb5 Bxb5 21. cxb5 h6 22.
Qe3 Rb7 23. Nd2 Rd7 24. Nc4 Bf6 25. a4 Qb8 26. a5 Bd8 27. bxc5 dxc5 28. axb6
axb6 29. d6 Bf6 30. Ra6 Nxd6 31. Rxb6 Qd8 32. Rxd6 Rxd6 33. Nxd6 Qxd6 34. Rd1
Qc7 35. Bc4+ Kh8 36. Rd5 Be7 37. Qc3 Bd6 38. g3 Kh7 39. Qd2 Rd8 40. Qa2 Rb8 41.
Qa6 Rb6 42. Qa8 Rb8 43. Qc6 Rd8 44. Rxc5 Qxc6 45. Rxc6 Kg7 46. Ra6 Kf8 47. Ra7
Be7 48. Ra6 Bd6 49. Ra7 Be7 50. Kf1 Ke8 51. Bd5 Rb8 52. Bc6+ Kf8 53. Ke2 Rd8
54. b6 Rb8 55. b7 Bd6 56. Kd3 Ke7 57. Kc4 h5 58. Kd3 Kd8 59. gxh5 gxh5 60. Ra6
Ke7 61. Ke2 Rf8 62. Ra8 Rb8 63. Kf3 Kd8 64. Bd5 Ke7 65. Ra6 Rf8+ 66. Kg2 Rb8
67. Rc6 Kd7 68. Rc8 Rxc8 69. Be6+ Kxe6 70. bxc8=Q+ Kf6 71. Qh8+ Kg6 72. Qe8+
Kf6 73. Qxh5 Bf8 74. Qh7 Bg7 75. Qf5+ Ke7 76. Qxg5+ Bf6 77. Qf5 Kf7 78. g4 Ke7
79. g5 Bg7 80. Kg3 Bf8 81. g6 Bh6 82. Qf7+ Kd6 83. g7 Bf4+ 84. Kf3 Bh6 85. g8=Q
Bf8 86. Qgxf8+ Kc6 87. Qd5+ Kc7 88. Qfd8# 1-0

[Event "NAYCC U14"]
[Site "Windsor CAN"]
[Date "2016.08.09"]
[Round "5.68"]
[White "Pulfer, Luke"]
[Black "Le, Collin"]
[Result "1-0"]
[WhiteElo "1868"]
[BlackElo "1540"]
[PlyCount "77"]
[EventDate "2016.08.07"]
[EventType "swiss"]
[EventRounds "9"]
[EventCountry "CAN"]

1. d4 Nf6 2. c4 e5 3. dxe5 Ng4 4. Bf4 Nc6 5. Nf3 Bb4+ 6. Nc3 Qe7 7. Qd5 Bxc3+
8. bxc3 f6 9. exf6 Nxf6 10. Qd3 d6 11. e3 O-O 12. Be2 h6 13. h3 Ne4 14. O-O Nc5
15. Qg6 Bf5 16. Qh5 Ne4 17. Nh4 Nxc3 18. Nxf5 Nxe2+ 19. Kh1 Qe8 20. Nxh6+ gxh6
21. Qxh6 Nxf4 22. exf4 Rf7 23. Rab1 Rg7 24. Rfe1 Qd7 25. Rxb7 Nd4 26. Reb1 Qe8
27. Qf6 Nc6 28. Qf5 Kh8 29. Kh2 Qg8 30. Qe4 Na5 31. R7b5 Qxc4 32. Rh5+ Kg8 33.
Qxa8+ Kf7 34. Rxa5 Qxf4+ 35. Kh1 Rg8 36. Qd5+ Kf8 37. Rb8+ Ke7 38. Rxg8 a6 39.
Rg7+ 1-0

[Event "NAYCC U14"]
[Site "Windsor CAN"]
[Date "2016.08.09"]
[Round "5.69"]
[White "Singireddy, Sathvik"]
[Black "Liang, Hairan"]
[Result "0-1"]
[WhiteElo "1530"]
[BlackElo "2002"]
[PlyCount "110"]
[EventDate "2016.08.07"]
[EventType "swiss"]
[EventRounds "9"]
[EventCountry "CAN"]

1. e4 c5 2. Nf3 Nc6 3. Bb5 g6 4. O-O Bg7 5. c3 Nf6 6. Re1 O-O 7. d4 d5 8. e5
Ne4 9. Bxc6 bxc6 10. Nbd2 cxd4 11. cxd4 c5 12. Nxe4 dxe4 13. Rxe4 Bb7 14. Re1
Bxf3 15. Qxf3 cxd4 16. Bf4 Qb6 17. Re2 Rfd8 18. Rd1 Qb5 19. h3 Rac8 20. e6 f5
21. Red2 Qc4 22. Re1 Rc6 23. Bg5 Rxe6 24. Rxe6 Qxe6 25. Re2 Qd5 26. Qxd5+ Rxd5
27. Bxe7 d3 28. Rd2 Bxb2 29. Bb4 Be5 30. Kf1 a5 31. Ba3 Kf7 32. g3 Ke6 33. f4
Bd6 34. Bb2 Bb4 35. Rd1 a4 36. a3 Ba5 37. Kf2 d2 38. Ke2 Kd6 39. Be5+ Kc5 40.
Bb8 Kc4 41. Ba7 Kb3 42. Be3 Kxa3 43. Bxd2 Rxd2+ 44. Rxd2 Bxd2 45. Kxd2 Kb2 46.
g4 a3 47. gxf5 gxf5 48. h4 a2 49. h5 a1=Q 50. h6 Qa3 51. Ke2 Qg3 52. Kd2 Qf3
53. Ke1 Qg2 54. Kd1 Kc3 55. Kc1 Qh1# 0-1

[Event "NAYCC U14"]
[Site "Windsor CAN"]
[Date "2016.08.09"]
[Round "5.70"]
[White "Liu, Daniel"]
[Black "Baker, Vincent"]
[Result "1-0"]
[WhiteElo "1609"]
[BlackElo "1994"]
[PlyCount "81"]
[EventDate "2016.08.07"]
[EventType "swiss"]
[EventRounds "9"]
[EventCountry "CAN"]

1. e4 c5 2. Nf3 Nc6 3. Bb5 g6 4. Bxc6 bxc6 5. d4 cxd4 6. Qxd4 Nf6 7. c4 d6 8.
O-O Bg7 9. Nc3 O-O 10. Qd3 Ba6 11. Re1 Qc7 12. e5 dxe5 13. Nxe5 Rad8 14. Qf3 c5
15. Bf4 Qb7 16. Nc6 Rd7 17. Rad1 Rxd1 18. Nxd1 Re8 19. b3 Nh5 20. Bd6 e5 21.
Nxe5 Qd7 22. Kf1 Bxe5 23. Bxe5 Bb7 24. Qc3 f6 25. Bg3 Rxe1+ 26. Qxe1 Qd3+ 27.
Kg1 Nxg3 28. hxg3 Qd6 29. Nc3 a6 30. Qe3 f5 31. Qf4 Qe7 32. Nd5 Bxd5 33. cxd5
a5 34. f3 Kg7 35. d6 Qe6 36. Qd2 Qd7 37. Qd5 Kf6 38. f4 h6 39. Qxc5 Qe6 40.
Qd4+ Kf7 41. d7 1-0

[Event "NAYCC U14"]
[Site "Windsor CAN"]
[Date "2016.08.09"]
[Round "5.71"]
[White "Uthayakumar, Ronan"]
[Black "Dill, James"]
[Result "1-0"]
[WhiteElo "1541"]
[BlackElo "1870"]
[PlyCount "87"]
[EventDate "2016.08.07"]
[EventType "swiss"]
[EventRounds "9"]
[EventCountry "CAN"]

1. e4 e5 2. Nf3 Nc6 3. Bb5 a6 4. Ba4 Nf6 5. O-O b5 6. Bb3 Be7 7. Re1 d6 8. c3
O-O 9. h3 Na5 10. Bc2 c5 11. d4 Qc7 12. d5 Re8 13. Nbd2 g6 14. Nf1 Bf8 15. Bg5
Bg7 16. Qd2 c4 17. Bh6 Nb7 18. a4 Bd7 19. axb5 axb5 20. Qg5 Reb8 21. Ng3 Ne8
22. Bxg7 Nxg7 23. Qh4 Qd8 24. Ng5 h5 25. f4 Qb6+ 26. Kf1 Rxa1 27. Rxa1 Qe3 28.
Ne2 Qd2 29. Rc1 exf4 30. Nf3 Qe3 31. Re1 Qb6 32. Qxf4 Rf8 33. Qh6 Ne8 34. Ng5
Nf6 35. Ng3 Qd8 36. e5 dxe5 37. N3e4 Re8 38. Re2 Bf5 39. Nxf6+ Qxf6 40. Bxf5
Qxf5+ 41. Kg1 Nd6 42. Rf2 Qd3 43. Qh7+ Kf8 44. Rxf7+ 1-0

[Event "NAYCC U14"]
[Site "Windsor CAN"]
[Date "2016.08.09"]
[Round "5.72"]
[White "Liu, Lambert"]
[Black "Atanasov, David"]
[Result "1/2-1/2"]
[WhiteElo "1827"]
[BlackElo "1518"]
[PlyCount "78"]
[EventDate "2016.08.07"]
[EventType "swiss"]
[EventRounds "9"]
[EventCountry "CAN"]

1. e4 c5 2. Nf3 d6 3. d4 cxd4 4. Nxd4 Nf6 5. Nc3 a6 6. h3 e6 7. g4 Be7 8. Bg2
Qc7 9. O-O Nfd7 10. Nde2 Nb6 11. Ng3 Bf6 12. Nce2 O-O 13. Nh5 Be7 14. Qd4 e5
15. Qd3 Nc6 16. Bd2 Be6 17. b3 Qd7 18. c4 a5 19. Bc3 a4 20. f4 axb3 21. axb3 f6
22. Qe3 Rxa1 23. Rxa1 Nc8 24. f5 Bf7 25. h4 b6 26. Bb2 Na5 27. Neg3 d5 28. Kh1
dxc4 29. g5 Qd3 30. Qf2 c3 31. gxf6 gxf6 32. Bc1 c2 33. Be3 Nxb3 34. Qf3 Bxh5
35. Nxh5 Kh8 36. Rg1 c1=Q 37. Bxc1 Nxc1 38. Rxc1 Qd2 39. Rd1 Qh6 1/2-1/2

[Event "NAYCC U14"]
[Site "Windsor CAN"]
[Date "2016.08.09"]
[Round "5.73"]
[White "Surya, Benito"]
[Black "Sivapathasundaram, Manojh"]
[Result "1/2-1/2"]
[WhiteElo "1814"]
[BlackElo "1552"]
[PlyCount "55"]
[EventDate "2016.08.07"]
[EventType "swiss"]
[EventRounds "9"]
[EventCountry "CAN"]

1. e4 c5 2. Nf3 d6 3. d4 cxd4 4. Nxd4 Nf6 5. Nc3 g6 6. Be3 Bg7 7. f3 O-O 8. Qd2
Nc6 9. O-O-O d5 10. exd5 Nxd5 11. Nxc6 bxc6 12. Bd4 Qc7 13. h4 Bxd4 14. Qxd4
Rd8 15. Bc4 e5 16. Qd2 Be6 17. Bb3 Nf4 18. Qf2 Bxb3 19. axb3 Qb6 20. Qxb6 axb6
21. Rxd8+ Rxd8 22. g3 Nd5 23. Rd1 Kf8 24. Na4 b5 25. c4 bxa4 26. bxa4 Ra8 27.
cxd5 Rxa4 28. dxc6 1/2-1/2

[Event "NAYCC U14"]
[Site "Windsor CAN"]
[Date "2016.08.09"]
[Round "5.74"]
[White "Guan, Zi Yu"]
[Black "Feng, Richard"]
[Result "0-1"]
[WhiteElo "1513"]
[BlackElo "1679"]
[PlyCount "108"]
[EventDate "2016.08.07"]
[EventType "swiss"]
[EventRounds "9"]
[EventCountry "CAN"]

1. e4 c5 2. Nf3 d6 3. d4 cxd4 4. Nxd4 Nf6 5. Nc3 g6 6. Bc4 Bg7 7. f3 O-O 8. Be3
Nc6 9. Qd2 Bd7 10. O-O-O Rb8 11. Nxc6 bxc6 12. Bh6 Be6 13. Bxe6 fxe6 14. Bxg7
Kxg7 15. g4 Qb6 16. b3 c5 17. h4 c4 18. h5 cxb3 19. cxb3 Rbc8 20. Kb2 Qc5 21.
hxg6 hxg6 22. Qd4 Qxd4 23. Rxd4 Nxg4 24. fxg4 Rf2+ 25. Ka3 Rxc3 26. e5 d5 27.
Ra4 Rcc2 28. Ra1 Rc7 29. Ra6 Kf7 30. Rh1 Rcc2 31. Ra1 Rc7 32. Rh1 d4 33. Rh7+
Kg8 34. Rh3 Rcc2 35. Kb4 Rf4 36. Rd3 Rc7 37. Rxe6 Kf7 38. Ra6 Rxg4 39. Kb5 Re4
40. Rf3+ Kg7 41. Re6 g5 42. Rf5 d3 43. Rxg5+ Kf7 44. Reg6 d2 45. e6+ Rxe6 46.
Rg7+ Ke8 47. Rd5 Re5 48. Rxe5 d1=Q 49. Rgg5 Qd3+ 50. Ka4 Qd4+ 51. b4 Qb2 52.
Ra5 Qxa2+ 53. Kb5 Qc4+ 54. Ka4 a6 0-1

[Event "NAYCC U14"]
[Site "Windsor CAN"]
[Date "2016.08.09"]
[Round "5.75"]
[White "Rama, Vikas"]
[Black "Mathews, Joshua"]
[Result "1-0"]
[WhiteElo "1627"]
[BlackElo "1446"]
[PlyCount "56"]
[EventDate "2016.08.07"]
[EventType "swiss"]
[EventRounds "9"]
[EventCountry "CAN"]

1. c4 Nf6 2. Nc3 g6 3. g3 Bg7 4. Bg2 d6 5. d4 O-O 6. e4 e5 7. d5 Nbd7 8. Nge2
Nb6 9. b3 c5 10. O-O Ne8 11. Be3 f5 12. Qd2 Nf6 13. f3 fxe4 14. fxe4 Ng4 15.
Bg5 Bf6 16. Bxf6 Nxf6 17. Rf2 Bg4 18. Raf1 Bxe2 19. Qxe2 Nbd7 20. Bh3 Qe7 21.
Nb5 Nb6 22. Qe3 a6 23. Qg5 axb5 24. Rxf6 Rxf6 25. Rxf6 Qc7 26. Be6+ Kh8 27. Rf7
Qd8 28. Qh6 Qg8 1-0

[Event "NAYCC U14"]
[Site "Windsor CAN"]
[Date "2016.08.09"]
[Round "5.76"]
[White "Wilson, Kameron"]
[Black "Harichandrabose, Vicknan"]
[Result "1-0"]
[WhiteElo "1439"]
[BlackElo "1210"]
[PlyCount "67"]
[EventDate "2016.08.07"]
[EventType "swiss"]
[EventRounds "9"]
[EventCountry "CAN"]

1. c4 Nf6 2. g3 e6 3. Bg2 d5 4. e3 g6 5. Nc3 Bg7 6. Nge2 Nbd7 7. cxd5 Nb6 8.
dxe6 fxe6 9. O-O O-O 10. d4 Re8 11. e4 c6 12. e5 Nfd5 13. Nxd5 cxd5 14. b3 Bd7
15. Be3 Bc6 16. Qd2 Qd7 17. Nc1 Rac8 18. Nd3 Bb5 19. Rfc1 Qf7 20. a4 Bxd3 21.
Qxd3 Rc6 22. Rxc6 bxc6 23. Rc1 Rc8 24. Qa6 Qc7 25. Bd2 Bf8 26. Bh3 Kf7 27. Rc3
c5 28. dxc5 Bxc5 29. b4 Nc4 30. Qxe6+ Kg7 31. Qf6+ Kg8 32. Be6+ Qf7 33. Bxf7+
Kf8 34. Bh6# 1-0

[Event "NAYCC U14"]
[Site "Windsor CAN"]
[Date "2016.08.09"]
[Round "5.77"]
[White "Li, Eric M"]
[Black "Butchart, Brian"]
[Result "1-0"]
[WhiteElo "1658"]
[BlackElo "1177"]
[PlyCount "109"]
[EventDate "2016.08.07"]
[EventType "swiss"]
[EventRounds "9"]
[EventCountry "CAN"]

1. d4 Nf6 2. Nf3 g6 3. Bf4 Bg7 4. e3 O-O 5. Bc4 d5 6. Bd3 Nc6 7. Nbd2 Re8 8.
Ne5 Nd7 9. Nxc6 bxc6 10. Nf3 c5 11. Ne5 Nxe5 12. Bxe5 Bxe5 13. dxe5 c4 14. Be2
c5 15. h4 Qa5+ 16. Qd2 Qxd2+ 17. Kxd2 a5 18. h5 a4 19. Rh2 g5 20. f4 f6 21. h6
gxf4 22. exf4 Rb8 23. Bf3 Kh8 24. Rb1 a3 25. b3 cxb3 26. Rxb3 Rxb3 27. cxb3
fxe5 28. fxe5 e6 29. Rh4 Bd7 30. Rg4 Rg8 31. Rf4 Rg6 32. Rf8+ Rg8 33. Rf7 Bb5
34. Rc7 c4 35. Kc3 cxb3 36. Kxb3 Bc4+ 37. Kxa3 Ra8+ 38. Kb4 Bxa2 39. Rd7 Rc8
40. Bh5 Bb1 41. Bf7 Bf5 42. Rd6 Bg4 43. Bxe6 Bxe6 44. Rxe6 Kg8 45. Re7 d4 46.
Rd7 Re8 47. Rd5 Kf7 48. Kc4 Re6 49. Rd7+ Kg6 50. Rd6 Kf5 51. Rxe6 Kxe6 52. Kxd4
Kf7 53. Kd5 Kg6 54. e6 Kxh6 55. e7 1-0

[Event "NAYCC U14"]
[Site "Windsor CAN"]
[Date "2016.08.09"]
[Round "5.78"]
[White "Hou, Frank"]
[Black "Titus, Joshua"]
[Result "0-1"]
[WhiteElo "1295"]
[BlackElo "1155"]
[PlyCount "52"]
[EventDate "2016.08.07"]
[EventType "swiss"]
[EventRounds "9"]
[EventCountry "CAN"]

1. e4 c6 2. d4 d5 3. exd5 cxd5 4. Bf4 Nf6 5. Nf3 Bg4 6. h3 Bh5 7. Be2 e6 8. Ne5
Bxe2 9. Qxe2 Bd6 10. Qb5+ Nbd7 11. Qxb7 Bxe5 12. Bxe5 Nxe5 13. dxe5 Nd7 14. f4
O-O 15. Qb4 Rb8 16. Qa3 Qh4+ 17. g3 Qh5 18. Nd2 Qg6 19. O-O-O Rfc8 20. c3 Nc5
21. Rdf1 Nd3+ 22. Kd1 Nxb2+ 23. Kc1 Nc4 24. Qa4 Nxd2 25. Kxd2 Rb2+ 26. Kc1 Qb1#
0-1

[Event "NAYCC U14"]
[Site "Windsor CAN"]
[Date "2016.08.09"]
[Round "5.79"]
[White "Zaid, Shahmeer"]
[Black "Gaur, Shivan"]
[Result "0-1"]
[WhiteElo "820"]
[BlackElo "1294"]
[PlyCount "70"]
[EventDate "2016.08.07"]
[EventType "swiss"]
[EventRounds "9"]
[EventCountry "CAN"]

1. e4 c5 2. Nf3 g6 3. c3 d5 4. exd5 Qxd5 5. d4 Bg7 6. c4 Qd6 7. d5 Nf6 8. Nc3
a6 9. Bd3 O-O 10. O-O e6 11. Bc2 h6 12. h3 Rd8 13. Bb3 exd5 14. cxd5 b5 15. Bc2
Bb7 16. Qe2 Nxd5 17. Nxd5 Bxd5 18. Rd1 Qc7 19. a3 Nc6 20. Rb1 Bxf3 21. Rxd8+
Rxd8 22. Qxf3 Nd4 23. Qd1 Nxc2 24. Qxc2 h5 25. Be3 c4 26. g3 Qd7 27. Bb6 Rb8
28. Be3 Qxh3 29. Rd1 Be5 30. Qd2 Ra8 31. Qd5 Re8 32. Qc6 Re6 33. Qc8+ Kg7 34.
Rd8 Kf6 35. Bd4 Bxd4 0-1

[Event "NAYCC U14"]
[Site "Windsor CAN"]
[Date "2016.08.09"]
[Round "5.80"]
[White "Jeyakumar, Yathushan"]
[Black "Eirew, Milo"]
[Result "1/2-1/2"]
[WhiteElo "1216"]
[BlackElo "819"]
[PlyCount "86"]
[EventDate "2016.08.07"]
[EventType "swiss"]
[EventRounds "9"]
[EventCountry "CAN"]

1. e4 e5 2. Nf3 Nc6 3. Bb5 d6 4. d4 exd4 5. Nxd4 Bd7 6. Nxc6 Bxc6 7. Bxc6+ bxc6
8. Nc3 Nf6 9. Bg5 Rb8 10. b3 h6 11. Bh4 Be7 12. O-O O-O 13. Bg3 d5 14. exd5
cxd5 15. Ne2 Rb7 16. Nd4 Ne4 17. Re1 Bf6 18. Rc1 Qd7 19. Nf3 Nc3 20. Qd3 c6 21.
Be5 Nxa2 22. Ra1 Nb4 23. Qc3 Bxe5 24. Nxe5 Qf5 25. Rac1 Na2 26. Qxc6 Nxc1 27.
Qxb7 Qxc2 28. Qxd5 Nxb3 29. h3 Qd2 30. Qxd2 Nxd2 31. Rd1 Nb3 32. Rd3 Rb8 33.
Nc6 Rb7 34. Nxa7 Nc1 35. Rd8+ Kh7 36. Nc6 Rb1 37. Kh2 Ne2 38. Rd7 f5 39. Rf7 f4
40. Ne5 Rf1 41. Nd3 Kg6 42. Re7 f3 43. gxf3 Nd4 1/2-1/2

[Event "NAYCC U14"]
[Site "Windsor CAN"]
[Date "2016.08.09"]
[Round "5.81"]
[White "Jasniewicz, Adam"]
[Black "Cui, Kevin"]
[Result "1/2-1/2"]
[WhiteElo "807"]
[BlackElo "1204"]
[PlyCount "35"]
[EventDate "2016.08.07"]
[EventType "swiss"]
[EventRounds "9"]
[EventCountry "CAN"]

1. d4 Nf6 2. Nf3 e6 3. Bf4 d5 4. e3 c5 5. c3 Nc6 6. Bb5 Bd7 7. O-O a6 8. Bxc6
Bxc6 9. Nbd2 Be7 10. h3 O-O 11. Qc2 h6 12. Rfe1 Re8 13. Rac1 Rc8 14. a4 c4 15.
Ne5 Bd6 16. b3 b5 17. Ra1 cxb3 18. Nxb3 1/2-1/2

[Event "NAYCC U14"]
[Site "Windsor CAN"]
[Date "2016.08.09"]
[Round "5.82"]
[White "Liu, Benjamin"]
[Black "Tamayo, Santiago"]
[Result "0-1"]
[WhiteElo "982"]
[BlackElo "1386"]
[PlyCount "100"]
[EventDate "2016.08.07"]
[EventType "swiss"]
[EventRounds "9"]
[EventCountry "CAN"]

1. d4 Nf6 2. c4 g6 3. Nf3 Bg7 4. g3 O-O 5. Bg2 d6 6. O-O Nbd7 7. Qc2 e5 8. e4
exd4 9. Nxd4 Re8 10. Nc3 Nxe4 11. Bxe4 Bxd4 12. Be3 Bg7 13. Bg2 Ne5 14. Nb5 a6
15. Nd4 Ng4 16. Rae1 Nxe3 17. fxe3 Re7 18. Rf3 Bxd4 19. Qf2 Bg7 20. Rf1 Be6 21.
Rf4 c6 22. h4 Qd7 23. Kh2 Rf8 24. b3 Be5 25. Re4 Bf5 26. Rxe5 Rxe5 27. Qe2 Bg4
28. Bf3 Bxf3 29. Rxf3 Qe6 30. Qf2 Rf5 31. Kg2 Rxf3 32. Qxf3 f5 33. h5 Qe4 34.
hxg6 Qxf3+ 35. Kxf3 hxg6 36. Kf2 Kg7 37. Kf3 Kf6 38. Kf4 Rh8 39. a3 g5+ 40. Kf3
Rh2 41. g4 Rh3+ 42. Ke2 fxg4 43. Kd3 Ke5 44. Ke2 Ke4 45. Kf2 Rxe3 46. Kg2 Kf4
47. Kh2 Kf3 48. c5 g3+ 49. Kh3 Re4 50. cxd6 Rh4# 0-1

[Event "NAYCC U14"]
[Site "Windsor CAN"]
[Date "2016.08.09"]
[Round "5.83"]
[White "Periappuram, Jacob"]
[Black "Li, Yang"]
[Result "0-1"]
[WhiteElo "873"]
[BlackElo "1119"]
[PlyCount "76"]
[EventDate "2016.08.07"]
[EventType "swiss"]
[EventRounds "9"]
[EventCountry "CAN"]

1. e4 e5 2. Nf3 Nc6 3. Bc4 Bc5 4. Nc3 Nf6 5. a3 O-O 6. O-O Re8 7. d3 h6 8. Be3
Bxe3 9. fxe3 d6 10. h3 Be6 11. Ba2 Bxa2 12. Rxa2 d5 13. Ne2 Qd7 14. Ra1 dxe4
15. dxe4 Qxd1 16. Raxd1 Nxe4 17. Rd7 Rac8 18. Nd2 Nxd2 19. Rxd2 Red8 20. Rfd1
f6 21. b4 Rxd2 22. Rxd2 Rd8 23. Rxd8+ Nxd8 24. c4 Kf7 25. e4 Ne6 26. Kf2 c5 27.
b5 Nc7 28. Nc3 a6 29. b6 Na8 30. Na4 Ke7 31. Ke2 Kd6 32. Kd3 Kc6 33. Kc3 Nxb6
34. Nxb6 Kxb6 35. Kb3 Ka5 36. a4 b5 37. cxb5 axb5 38. axb5 Kxb5 0-1

[Event "NAYCC U14"]
[Site "Windsor CAN"]
[Date "2016.08.10"]
[Round "6.57"]
[White "Zhang, Henry"]
[Black "Shlionsky, Aaron"]
[Result "0-1"]
[WhiteElo "1957"]
[BlackElo "2204"]
[PlyCount "132"]
[EventDate "2016.08.07"]
[EventType "swiss"]
[EventRounds "9"]
[EventCountry "CAN"]

1. e4 e5 2. Nf3 Nc6 3. Bc4 Bc5 4. d3 Nf6 5. O-O O-O 6. Nbd2 d6 7. c3 a6 8. Bb3
Qe7 9. h3 Be6 10. Bc2 Ba7 11. Re1 Rad8 12. Qe2 Rfe8 13. Nf1 d5 14. exd5 Bxd5
15. Ng3 Qd6 16. Be3 Bxe3 17. Qxe3 Bxf3 18. Qxf3 Qd5 19. Qe3 Qd7 20. Rad1 Nd5
21. Qe4 g6 22. Qh4 Qe7 23. Qg4 Qe6 24. Qf3 Qf6 25. Qxf6 Nxf6 26. Ba4 b5 27. Bb3
Kg7 28. Ne4 Nxe4 29. dxe4 Na5 30. Rxd8 Rxd8 31. Rd1 Rxd1+ 32. Bxd1 Kf6 33. Bg4
Nc4 34. b3 Nd2 35. f3 Nb1 36. c4 b4 37. Bc8 a5 38. Kf2 Nc3 39. Ke3 Nxa2 40. Kd2
Nc3 41. Bd7 Ke7 42. Bc6 Kd6 43. Be8 f6 44. h4 g5 45. h5 h6 46. Kc2 Kc5 47. Kd3
c6 48. Kc2 Ne2 49. Bd7 Nf4 50. g4 Ne2 51. Be8 Nd4+ 52. Kb2 Nxf3 53. Bd7 Nd2 54.
Bf5 Kd4 55. Bd7 c5 56. Bf5 Nxe4 57. Kc2 Nc3 58. Kd2 a4 59. Kc2 a3 60. Bg6 e4
61. Bf5 e3 62. Bd3 a2 63. Kb2 Kxd3 64. Ka1 e2 65. Kb2 a1=Q+ 66. Kxa1 e1=Q+ 0-1

[Event "NAYCC U14"]
[Site "Windsor CAN"]
[Date "2016.08.10"]
[Round "6.58"]
[White "Titus, Andrew"]
[Black "Wang, Ricky"]
[Result "1-0"]
[WhiteElo "2143"]
[BlackElo "1807"]
[PlyCount "137"]
[EventDate "2016.08.07"]
[EventType "swiss"]
[EventRounds "9"]
[EventCountry "CAN"]

1. e4 e5 2. Nf3 Nc6 3. Bb5 a6 4. Ba4 Nf6 5. d3 b5 6. Bb3 Bc5 7. O-O d6 8. c3 h6
9. h3 O-O 10. Re1 Bb6 11. Nbd2 Na5 12. Bc2 c5 13. Nf1 Nc6 14. Ng3 Nh7 15. Be3
Be6 16. d4 cxd4 17. cxd4 exd4 18. Nxd4 Nxd4 19. Bxd4 Bxd4 20. Qxd4 Qf6 21. Qd2
Rfd8 22. b3 Rac8 23. Bd3 Nf8 24. f4 Qd4+ 25. Kh2 f6 26. Rad1 Qb6 27. Qe2 Nd7
28. Bb1 Rc5 29. Qd3 Nf8 30. Re2 Qc7 31. Red2 Rd7 32. Qf3 Rc3 33. Qf2 Rc1 34.
Qe2 Rxd1 35. Rxd1 Qc5 36. Qe1 Qb6 37. Ne2 d5 38. e5 fxe5 39. fxe5 Qe3 40. Nd4
Qxe1 41. Rxe1 Rf7 42. Kg3 g5 43. Rd1 Bd7 44. Nf3 Bc6 45. Rc1 Bb7 46. Nd4 Re7
47. Nf5 Rxe5 48. Rc7 Re1 49. Bd3 Ba8 50. Nxh6+ Kh8 51. Nf5 Re8 52. Ra7 Ne6 53.
Nh6 Ng7 54. Bg6 Rf8 55. Rxa6 d4 56. Nf7+ Kg8 57. Nxg5 Bd5 58. Rd6 Nf5+ 59. Bxf5
Rxf5 60. Kg4 Rf2 61. Rxd5 Rxg2+ 62. Kh5 Rxa2 63. Rxd4 Kg7 64. Rf4 Rg2 65. Rf7+
Kg8 66. Rb7 Rd2 67. Rxb5 Rd6 68. Kg4 Rf6 69. h4 1-0